Statistics for Every English Top Flight Winning Manager

Click here to take the quiz!

General Stats

  • This quiz has been taken 35 times
  • The average score is 51 of 124

Answer Stats

SeasonClubManagerNation% Correct
2006/07Manchester UnitedAlex FergusonScotland
100%
2012/13Manchester UnitedAlex FergusonScotland
100%
2007/08Manchester UnitedAlex FergusonScotland
100%
2008/09Manchester UnitedAlex FergusonScotland
100%
2000/01Manchester UnitedAlex FergusonScotland
100%
2010/11Manchester UnitedAlex FergusonScotland
100%
1999/00Manchester UnitedAlex FergusonScotland
100%
1998/99Manchester UnitedAlex FergusonScotland
100%
1996/97Manchester UnitedAlex FergusonScotland
100%
1995/96Manchester UnitedAlex FergusonScotland
100%
1993/94Manchester UnitedAlex FergusonScotland
100%
1992/93Manchester UnitedAlex FergusonScotland
100%
2002/03Manchester UnitedAlex FergusonScotland
100%
1997/98ArsenalArsene WengerFrance
100%
2003/04ArsenalArsene WengerFrance
100%
2001/02ArsenalArsene WengerFrance
100%
2019/20LiverpoolJurgen KloppGermany
100%
2021/22Manchester CityPep GuardiolaSpain
100%
2022/23Manchester CityPep GuardiolaSpain
100%
2018/19Manchester CityPep GuardiolaSpain
100%
2017/18Manchester CityPep GuardiolaSpain
100%
2020/21Manchester CityPep GuardiolaSpain
100%
2004/05ChelseaJose MourinhoPortugal
97%
2005/06ChelseaJose MourinhoPortugal
97%
2014/15ChelseaJose MourinhoPortugal
97%
2011/12Manchester CityRoberto ManciniItaly
93%
2016/17ChelseaAntonio ConteItaly
90%
2015/16Leicester CityClaudio RanieriItaly
87%
2009/10ChelseaCarlo AncelottiItaly
77%
1989/90LiverpoolKenny DalglishScotland
70%
1985/86LiverpoolKenny DalglishScotland
70%
1987/88LiverpoolKenny DalglishScotland
70%
1994/95Blackburn RoversKenny DalglishScotland
70%
2013/14Manchester CityManuel PellegriniChile
67%
1965/66LiverpoolBill ShanklyScotland
57%
1972/73LiverpoolBill ShanklyScotland
57%
1963/64LiverpoolBill ShanklyScotland
57%
1976/77LiverpoolBob PaisleyEngland
50%
1982/83LiverpoolBob PaisleyEngland
50%
1981/82LiverpoolBob PaisleyEngland
50%
1979/80LiverpoolBob PaisleyEngland
50%
1978/79LiverpoolBob PaisleyEngland
50%
1975/76LiverpoolBob PaisleyEngland
50%
1977/78Nottingham ForestBrian CloughEngland
50%
1971/72Derby CountyBrian CloughEngland
50%
1964/65Manchester UnitedMatt BusbyScotland
47%
1956/57Manchester UnitedMatt BusbyScotland
47%
1951/52Manchester UnitedMatt BusbyScotland
47%
1955/56Manchester UnitedMatt BusbyScotland
47%
1966/67Manchester UnitedMatt BusbyScotland
47%
1895/96Aston VillaGeorge RamsayScotland
43%
1893/94Aston VillaGeorge RamsayScotland
43%
1909/10Aston VillaGeorge RamsayScotland
43%
1896/97Aston VillaGeorge RamsayScotland
43%
1898/99Aston VillaGeorge RamsayScotland
43%
1899/00Aston VillaGeorge RamsayScotland
43%
1961/62Ipswich TownAlf RamseyEngland
40%
1988/89ArsenalGeorge GrahamScotland
40%
1990/91ArsenalGeorge GrahamScotland
40%
1991/92Leeds UnitedHoward WilkinsonEngland
40%
1968/69Leeds UnitedDon RevieEngland
37%
1973/74Leeds UnitedDon RevieEngland
37%
1983/84LiverpoolJoe FaganEngland
37%
1923/24Huddersfield TownHerbert ChapmanEngland
33%
1924/25Huddersfield TownHerbert ChapmanEngland
33%
1930/31ArsenalHerbert ChapmanEngland
33%
1932/33ArsenalHerbert ChapmanEngland
33%
1984/85EvertonHoward KendallEngland
33%
1986/87EvertonHoward KendallEngland
33%
1960/61Tottenham HotspurBill NicholsonEngland
27%
1970/71ArsenalBertie MeeEngland
23%
1967/68Manchester CityJoe MercerEngland
23%
1962/63EvertonHarry CatterickEngland
20%
1969/70EvertonHarry CatterickEngland
20%
1980/81Aston VillaRon SaundersEngland
20%
1974/75Derby CountyDave MackayScotland
17%
1957/58Wolverhampton WanderersStan CullisEngland
13%
1953/54Wolverhampton WanderersStan CullisEngland
13%
1958/59Wolverhampton WanderersStan CullisEngland
13%
1948/49PortsmouthBob JacksonEngland
10%
1949/50PortsmouthBob JacksonEngland
10%
1954/55ChelseaTed DrakeEngland
10%
1907/08Manchester UnitedErnest MangnallEngland
7%
1910/11Manchester UnitedErnest MangnallEngland
7%
1959/60BurnleyHarry PottsEngland
7%
1894/95SunderlandTom WatsonEngland
7%
1905/06LiverpoolTom WatsonEngland
7%
1900/01LiverpoolTom WatsonEngland
7%
1891/92SunderlandTom WatsonEngland
7%
1892/93SunderlandTom WatsonEngland
7%
1901/02SunderlandAlex MackieScotland
3%
1903/04Sheffield WednesdayArthur DickinsonEngland
3%
1902/03Sheffield WednesdayArthur DickinsonEngland
3%
1950/51Tottenham HotspurArthur RoweEngland
3%
1912/13SunderlandBob KyleIreland
3%
1921/22LiverpoolDavid AshworthEngland
3%
1890/91EvertonDick MolyneuxEngland
3%
1904/05Newcastle UnitedFrank WattScotland
3%
1906/07Newcastle UnitedFrank WattScotland
3%
1908/09Newcastle UnitedFrank WattScotland
3%
1926/27Newcastle UnitedFrank WattScotland
3%
1934/35ArsenalGeorge AllisonEngland
3%
1937/38ArsenalGeorge AllisonEngland
3%
1946/47LiverpoolGeorge KayEngland
3%
1933/34ArsenalJoe ShawEngland
3%
1929/30Sheffield WednesdayRobert BrownEngland
3%
1928/29Sheffield WednesdayRobert BrownEngland
3%
1938/39EvertonTheo KellyEngland
3%
1931/32EvertonThomas McIntoshEngland
3%
1927/28EvertonThomas McIntoshEngland
3%
1952/53ArsenalTom WhittakerEngland
3%
1947/48ArsenalTom WhittakerEngland
3%
1936/37Manchester CityWilf WildEngland
3%
1914/15EvertonWill CuffEngland
3%
1889/90Preston North EndWilliam SudellEngland
3%
1888/89Preston North EndWilliam SudellEngland
3%
1925/26Huddersfield TownCecil PotterEngland
0%
1919/20West Bromwich AlbionFred EverissEngland
0%
1920/21BurnleyJohn HaworthEngland
0%
1935/36SunderlandJohnny CochraneScotland
0%
1897/98Sheffield UnitedJoseph WostinholmEngland
0%
1922/23LiverpoolMatt McQueenScotland
0%
1911/12Blackburn RoversRobert MiddletonEngland
0%
1913/14Blackburn RoversRobert MiddletonEngland
0%

Score Distribution

Percentile by Number Answered

Percent of People with Each Score

Your Score History

You have not taken this quiz